[Event "Vall del Tenes op 5th"]
[Site "Vall del Tenes"]
[Date "2016.05.13"]
[Round "6"]
[White "Valls Matheu, Albert"]
[Black "Salinas Perez, Gonzalo"]
[Result "0-1"]
[WhiteElo "1265"]
[BlackElo "1755"]
[PlyCount "62"]
[EventDate "2016.04.08"]
[EventType "swiss"]
[EventRounds "8"]
[EventCountry "ESP"]
[SourceTitle "CBM 172 Extra"]
[Source "ChessBase"]
[SourceDate "2016.06.21"]
[SourceVersion "1"]
[SourceVersionDate "2016.06.21"]
[SourceQuality "1"]

1. e4 d5 2. exd5 Qxd5 3. Nc3 Qa5 4. d4 Nf6 5. h3 c6 6. Bf4 Bf5 7. g4 Be4 8. f3 Bg6 9. Bc4 e6 10. a3 Nbd7 11. g5 Nd5 12. Qd2 Nxf4 13. Qxf4 Bxc2 14. Nge2 Nb6 15. b4 Bxb4 16. Rc1 Bxc3+ 17. Nxc3 Qxc3+ 18. Qd2 Qxd2+ 19. Kxd2 Nxc4+ 20. Kxc2 Nxa3+ 21. Kd3 Nb5 22. Rhe1 0-0 23. Rc5 Rfd8 24. f4 Rxd4+ 25. Ke3 Rdd8 26. f5 exf5 27. Kf4 g6 28. Re7 Rab8 29. Ke5 Kf8 30. Kf6 Rd6+ 31. Ke5 Kxe7 0-1

[Event "Vall del Tenes op 5th"]
[Site "Vall del Tenes"]
[Date "2016.04.29"]
[Round "4"]
[White "Vicente Soriano, Josep"]
[Black "Salinas Perez, Gonzalo"]
[Result "1-0"]
[WhiteElo "1748"]
[BlackElo "1755"]
[PlyCount "61"]
[EventDate "2016.04.08"]
[EventType "swiss"]
[EventRounds "8"]
[EventCountry "ESP"]
[SourceTitle "CBM 172 Extra"]
[Source "ChessBase"]
[SourceDate "2016.06.21"]
[SourceVersion "1"]
[SourceVersionDate "2016.06.21"]
[SourceQuality "1"]

1. e4 d5 2. exd5 Qxd5 3. Nc3 Qa5 4. d4 Nf6 5. Bd2 c6 6. Nf3 Bf5 7. Bc4 e6 8. a3 Nbd7 9. 0-0 Qc7 10. h3 Bd6 11. Be3 0-0-0 12. b4 Nd5 13. Bxd5 exd5 14. b5 Kb8 15. Qe2 Nb6 16. bxc6 Qxc6 17. Nb5 Rhe8 18. Nxd6 Rxd6 19. Ne5 Qxc2 20. Qxc2 Bxc2 21. Nxf7 Rde6 22. Ne5 Ka8 23. Rfc1 Bb3 24. Rc3 Bc4 25. Rcc1 Bb5 26. Rab1 a6 27. Rc5 Nc4 28. a4 Nxe5 29. axb5 Nd7 30. Rxd5 Nf6 31. Rc5 1-0

[Event "Vall del Tenes op 5th"]
[Site "Vall del Tenes"]
[Date "2016.04.15"]
[Round "2"]
[White "Sola Lluch, Miquel"]
[Black "Salinas Perez, Gonzalo"]
[Result "1-0"]
[WhiteElo "1932"]
[BlackElo "1755"]
[PlyCount "37"]
[EventDate "2016.04.08"]
[EventType "swiss"]
[EventRounds "8"]
[EventCountry "ESP"]
[SourceTitle "CBM 172 Extra"]
[Source "ChessBase"]
[SourceDate "2016.06.21"]
[SourceVersion "1"]
[SourceVersionDate "2016.06.21"]
[SourceQuality "1"]

1. d4 d5 2. c4 Nf6 3. cxd5 Nxd5 4. e4 Nf6 5. Nc3 e5 6. d5 Bb4 7. Qa4+ c6 8. Qxb4 cxd5 9. Bg5 h6 10. Bxf6 Qxf6 11. Nxd5 Qd8 12. Rd1 Bd7 13. Bb5 Nc6 14. Bxc6 Bxc6 15. Nf3 f6 16. 0-0 Bxd5 17. Rxd5 Qb6 18. Rb5 Qe6 19. Rxb7 1-0

[Event "Vall del Tenes op 5th"]
[Site "Vall del Tenes"]
[Date "2016.04.08"]
[Round "1"]
[White "Salinas Perez, Gonzalo"]
[Black "Bouzas Arcos, Juan Manuel"]
[Result "0-1"]
[WhiteElo "1755"]
[BlackElo "1808"]
[PlyCount "58"]
[EventDate "2016.04.08"]
[EventType "swiss"]
[EventRounds "8"]
[EventCountry "ESP"]
[SourceTitle "CBM 172 Extra"]
[Source "ChessBase"]
[SourceDate "2016.06.21"]
[SourceVersion "1"]
[SourceVersionDate "2016.06.21"]
[SourceQuality "1"]

1. d4 f5 2. Nf3 Nf6 3. h3 d5 4. Bf4 e6 5. e3 Be7 6. Bd3 0-0 7. 0-0 c6 8. c3 Ne4 9. Nbd2 Nd7 10. Ne5 Nxe5 11. Bxe5 Bf6 12. Bxf6 Rxf6 13. Nxe4 fxe4 14. Bc2 Rh6 15. Qg4 e5 16. Qg3 Rg6 17. Qh2 Qh4 18. Kh1 exd4 19. exd4 Rf6 20. Qg3 Qh6 21. Rad1 Bf5 22. Qe3 Qh5 23. Qg3 Qe2 24. Rc1 Raf8 25. Qe3 Qh5 26. Qg3 Rg6 27. Qe3 Bg4 28. Bd1 Bxd1 29. Rcxd1 Rf3 0-1

[Event "Vall del Tenes op 4th"]
[Site "Santa Eulalia de Roncana"]
[Date "2015.04.24"]
[Round "3"]
[White "Lucena Perianez, Jordi"]
[Black "Salinas Perez, Gonzalo"]
[Result "1/2-1/2"]
[WhiteElo "1828"]
[BlackElo "1731"]
[PlyCount "94"]
[EventDate "2015.04.10"]
[EventType "swiss"]
[EventRounds "8"]
[EventCountry "ESP"]
[SourceTitle "CBM 166 Extra"]
[Source "ChessBase"]
[SourceDate "2015.06.18"]
[SourceVersion "1"]
[SourceVersionDate "2015.06.18"]
[SourceQuality "1"]

1. e4 d5 2. exd5 Qxd5 3. Nc3 Qa5 4. d3 Nf6 5. Bd2 c6 6. Nf3 Qd8 7. g3 Bf5 8. Bg2 e6 9. Nh4 Bg6 10. Nxg6 hxg6 11. Qe2 Bc5 12. Na4 Be7 13. c4 Nbd7 14. b3 Nc5 15. Nxc5 Bxc5 16. Bc3 Bd4 17. Qb2 Qa5 18. Bxa5 Bxb2 19. Rb1 Bd4 20. h3 Bb6 21. Bxb6 axb6 22. Rb2 Ke7 23. Ke2 Nd7 24. Rd1 Rhd8 25. d4 Nb8 26. a4 Rd7 27. Rbd2 Na6 28. d5 exd5 29. cxd5 c5 30. Rd3 Rad8 31. Re3+ Kf8 32. d6 Rxd6 33. Rxd6 Rxd6 34. Bxb7 Nb4 35. Kf1 Rd3 36. Rxd3 Nxd3 37. Bd5 Ke7 38. Ke2 Nb4 39. Bc4 f6 40. f4 Nc6 41. Ke3 Nd4 42. h4 Ne6 43. Ke4 g5 44. hxg5 fxg5 45. f5 Nd4 46. Ke5 Nf3+ 47. Ke4 Nd4 1/2-1/2

[Event "Llinars del Valles op 5th"]
[Site "Llinars del Valles"]
[Date "2013.11.22"]
[Round "7"]
[White "Vidal Palou, Jordi"]
[Black "Salinas Perez, Gonzalo"]
[Result "0-1"]
[WhiteElo "1930"]
[BlackElo "1700"]
[PlyCount "117"]
[EventDate "2013.10.04"]
[EventType "swiss"]
[EventRounds "8"]
[EventCountry "ESP"]
[SourceTitle "CBM 157 Extra"]
[Source "ChessBase"]
[SourceDate "2013.12.19"]
[SourceVersion "1"]
[SourceVersionDate "2013.12.19"]
[SourceQuality "1"]

1. d4 d5 2. Nf3 Nf6 3. Bf4 Bf5 4. c4 e6 5. Qb3 Qc8 6. Nbd2 Nc6 7. e3 Be7 8. Ne5 Rb8 9. Bg3 Bb4 10. f3 Bxd2+ 11. Kxd2 0-0 12. Bd3 Bxd3 13. Kxd3 Re8 14. Qa4 a6 15. Nxc6 bxc6 16. b3 Qb7 17. Rab1 Nd7 18. c5 e5 19. Rbe1 e4+ 20. fxe4 Rxe4 21. Re2 Nxc5+ 22. dxc5 Rxa4 23. bxa4 Qc8 24. Rf1 Rb4 25. Rf4 Rxf4 26. exf4 h6 27. Re5 Qb7 28. f5 f6 29. Re2 Qb1+ 30. Rc2 Qd1+ 31. Rd2 Qxa4 32. Bxc7 Qb5+ 33. Ke3 Qxc5+ 34. Kd3 Qc4+ 35. Ke3 Qe4+ 36. Kf2 Qxf5+ 37. Ke1 Qe4+ 38. Re2 Qb1+ 39. Kf2 d4 40. Bd6 Qf5+ 41. Ke1 Qd5 42. Re8+ Kh7 43. Bf8 Qxg2 44. Re7 c5 45. Re2 Qd5 46. Re7 Qg2 47. Re2 Qg6 48. Kf1 c4 49. Rg2 Qf7 50. Bc5 d3 51. Bd4 Qc7 52. Ke1 c3 53. Kd1 c2+ 54. Kd2 c1Q+ 55. Kxd3 Qd1+ 56. Rd2 Qxd2+ 57. Kxd2 Qxh2+ 58. Kd3 Qxa2 59. Ke4 0-1

[Event "Llinars del Valles op 5th"]
[Site "Llinars del Valles"]
[Date "2013.10.11"]
[Round "2"]
[White "Torras Lemos, Marc"]
[Black "Salinas Perez, Gonzalo"]
[Result "1-0"]
[WhiteElo "1779"]
[BlackElo "1700"]
[PlyCount "57"]
[EventDate "2013.10.04"]
[EventType "swiss"]
[EventRounds "8"]
[EventCountry "ESP"]
[SourceTitle "CBM 157 Extra"]
[Source "ChessBase"]
[SourceDate "2013.12.19"]
[SourceVersion "1"]
[SourceVersionDate "2013.12.19"]
[SourceQuality "1"]

1. d4 d5 2. Nf3 e6 3. a3 Nf6 4. Bf4 Nbd7 5. Nc3 c6 6. e3 Qa5 7. b4 Bxb4 8. axb4 Qxb4 9. Qd2 Ne4 10. Nxe4 Qb2 11. Nd6+ Ke7 12. Rc1 Nf6 13. Be2 a5 14. 0-0 Rd8 15. Rb1 Qa3 16. Ra1 Qb2 17. Rab1 Qxb1 18. Rxb1 a4 19. Nxc8+ Rdxc8 20. Qb4+ Kd8 21. Qxb7 a3 22. Bd6 Ng8 23. Ra1 a2 24. Ba6 h6 25. Rxa2 f6 26. g3 g5 27. Rb2 f5 28. Ne5 Ke8 29. Qd7# 1-0

[Event "Llinars del Valles op 5th"]
[Site "Llinars del Valles"]
[Date "2013.10.04"]
[Round "1"]
[White "Salinas Perez, Gonzalo"]
[Black "Veciana Francesch, Josep"]
[Result "0-1"]
[WhiteElo "1700"]
[BlackElo "1883"]
[PlyCount "100"]
[EventDate "2013.10.04"]
[EventType "swiss"]
[EventRounds "8"]
[EventCountry "ESP"]
[SourceTitle "CBM 157 Extra"]
[Source "ChessBase"]
[SourceDate "2013.12.19"]
[SourceVersion "1"]
[SourceVersionDate "2013.12.19"]
[SourceQuality "1"]

1. d4 Nf6 2. Nf3 d6 3. Bf4 g6 4. e3 Bg7 5. Bc4 0-0 6. 0-0 d5 7. Bd3 c6 8. c3 b6 9. Nbd2 Ba6 10. Bxa6 Nxa6 11. c4 Nd7 12. Qb3 e6 13. Bd6 Re8 14. Qa4 Ndb8 15. Be5 f6 16. Bg3 Nc7 17. Rfe1 dxc4 18. Qxc4 b5 19. Qd3 Nd5 20. Qb3 a5 21. a3 a4 22. Qd3 Ne7 23. Qe4 Nf5 24. Qg4 Nxg3 25. Qxg3 Na6 26. Qf4 c5 27. Rac1 c4 28. Qe4 Rc8 29. Rc2 Nc7 30. Rec1 Nd5 31. Ne1 f5 32. Qf3 e5 33. dxe5 Bxe5 34. Nxc4 bxc4 35. Rxc4 Rxc4 36. Rxc4 Qa5 37. Nd3 Bxb2 38. g3 Bxa3 39. Kg2 Qb5 40. Rd4 Nf6 41. Nf4 Ne4 42. Rd5 Qb6 43. Qd1 Nc3 44. Rd6 Qb7+ 45. Qd5+ Nxd5 46. Nxd5 Bxd6 47. Kh3 Qxd5 48. e4 Qxe4 49. f4 Be7 50. g4 Qf3# 0-1